| 000 | 00445nam a2200193Ia 4500 | ||
|---|---|---|---|
| 005 | 20240823043344.0 | ||
| 008 | 240823s9999||||xx |||||||||||||| ||und|| | ||
| 041 | _aENGLISH | ||
| 082 | _A519 | ||
| 100 | _aArumugam. | ||
| 245 | 0 | _aAncillary Mathematics Vol IV | |
| 250 | _a1st | ||
| 260 | _bNew Gamma Publishing | ||
| 500 | _aTRANSFERED | ||
| 650 |
_aMathematics _bMathematics |
||
| 700 | _a" Isaac," | ||
| 942 | _cBK | ||
| 999 |
_c210042 _d210042 |
||